Представление документа в формате RUSMARC

ПолеНазваниеЗначение
  Тип записи a
  Библиографический уровень a
001 Контрольный номер UONB/MAIN/0fe2dcec951a461cbcef5fafe4bdce8c
005 Дата корректировки 20260514165357.4
100 Данные общей обработки __
a Данные общей обработки 20260514 ||| 0rusy0189 ca
101 Язык документа 0_
a Язык текста rus
102 Страна публикации __
a Страна публикации RU
200 Заглавие и сведения об ответственности 1_
a Заглавие Я правнук того солдата
203 Вид содержания и тип средства __
a Вид содержания Текст
b Характеристика содержания визуальный
c Тип средства непосредственный
215 Физическое описание __
c Иллюстрации/тип воспроизводства ил., портр.
330 Аннотация __
a Аннотация Владислав Логинов - уроженец рабочего поселка Вешкайма, участник СВО, награжден орденом Мужества.
461 Уровень набора _0
1 2000
a Вешкаймские вести
463 Уровень физической единицы _0
1 2000
a № 7 (9790) (18 февраля)
v С. 5
1 2101
d 2026
1 001UONB/MAIN/55f0f7bbd31e4509afe11530d0c49c23
600 Персоналии _1
a Персоналии (Фамилия) Логинов
b Персоналии (Имя, инициалы) В.
g Полное имя Владислав
600 Персоналии _1
a Персоналии (Фамилия) Глошкина (Фетисова)
b Персоналии (Имя, инициалы) А. А.
g Полное имя Александра Афанасьевна
600 Персоналии _1
a Персоналии (Фамилия) Фетисов
b Персоналии (Имя, инициалы) М. С.
g Полное имя Михаил Сергеевич
607 Географические рубрики __
a Географическое наименование Вешкайма, рабочий поселок (Вешкаймский район ; Ульяновская область)
610 Ключевые слова 0_
a Ключевые слова участники СВО; участники Великой Отечественной войны; военнослужащие; сержанты; медаль "За боевые заслуги"; орден Отечественной войны; медаль "За оборону Сталинграда"; медаль Суворова; орден Мужества
686 Индексы других классификаций __
2 Код системы rubbk
a Классификационный индекс 68.42
801 Источник записи _0
a Страна RU
b Организация Ульяновская ОНБ
c Дата составления 20260514
g Правила каталогизации RCR
801 Источник записи _1
a Страна RU
b Организация Ульяновская ОНБ
c Дата составления 20260514
g Правила каталогизации RCR
901 Тип документа __
t Тип документа f
w Контрольный № источника UONB/MAIN/55f0f7bbd31e4509afe11530d0c49c23
909 Создатель записи __
a Создатель записи Логинова
b Дата создания записи 20260514